| 000 | 00843nam a2200205 i 4500 | ||
|---|---|---|---|
| 001 | 121166 | ||
| 003 | ES-MaACL | ||
| 005 | 20250808230410.0 | ||
| 007 | t| | ||
| 008 | 070214s1933 sp |||| | spa d | ||
| 100 | 1 |
_aPons y Umbert, Adolfo. _993034 |
|
| 245 | 1 | 0 |
_aLecturas constitucionales en la España del siglo XIX _b: discurso leído en la Academia de Ciencias Exactas, Físicas y Naturales, para conmemorar la Fiesta del Libro el día 23 de abril de 1933 / _cAdolfo Pons y Umbert. |
| 260 |
_aMadrid : _b[s.n.], _c1933 ( _fGráf. Mundial) |
||
| 300 |
_a96 p. ; _c25 cm. |
||
| 650 | 4 |
_aDerecho constitucional- _zEspaña _911682 |
|
| 650 |
_aConstituciones- _zEspaña. _911292 |
||
| 710 | 2 |
_aReal Academia de Ciencias Exactas, Físicas y Naturales de España. _9175635 |
|
| 852 |
_aES-MaACL _jA-1616 |
||
| 999 |
_c121166 _d121166 |
||